| 000 | 00477nam a22001817a 4500 | ||
|---|---|---|---|
| 005 | 20231211110516.0 | ||
| 008 | 231211b ||||| |||| 00| 0 eng d | ||
| 020 | _a0070325693 | ||
| 040 | _cAL | ||
| 041 | _aeng | ||
| 082 |
_223 _a591 _bJESZ |
||
| 100 |
_aNancy Jessop M. _9144721 |
||
| 245 |
_aZoology _b: animal kingdom |
||
| 260 |
_aNew York _bMcGraw-Hill _c1995 |
||
| 300 |
_avi,484p. _bPB _c27x20cm. |
||
| 650 |
_2history of animals _aZoology _9144722 |
||
| 942 |
_2ddc _cBK |
||
| 999 |
_c229446 _d229446 |
||